| 000 | 00379cam a2200157ua 4500 | ||
|---|---|---|---|
| 041 |
_aeng _h |
||
| 082 |
_a620.1 _bSHA/AP |
||
| 100 | _aShahane, . | ||
| 245 |
_aApplied mechanics made easy / _cShahane. _hTextual Documents |
||
| 260 |
_aPoona : _bRoyal Book Stall , _c1964. |
||
| 300 | _a501 ; . | ||
| 504 | _a | ||
| 942 | _cBK | ||
| 999 |
_c10608 _d10608 |
||